01151nam a2200301Ia 4500001001200000003000800012006001900020007001500039008004100054020001800095020001800113020002200131020002200153040002100175035002100196050002600217100002600243245008400269260002700353300002300380504005100403533015200454650002400606650004700630655002900677710001700706856012600723ebr10218270CaPaEBRm u cr cn|||||||||040430s2005 enka sb 001 0 eng d z9780761949954 z9781847871176 z0761949941 (hbk.) z076194995X (pbk.) aCaPaEBRcCaPaEBR a(OCoLC)29053509314aQA76.575b.C73 2005eb1 aCranny-Francis, Anne.10aMultimediah[electronic resource] :btexts and contexts /cAnne Cranny-Francis. aLondon :bSAGE,c2005. aix, 196 p. :bill. aIncludes bibliographical references and index. aElectronic reproduction.bPalo Alto, Calif. :cebrary,d2009.nAvailable via World Wide Web.nAccess may be limited to ebrary affiliated libraries. 0aMultimedia systems. 0aInformation storage and retrieval systems. 7aElectronic books.2local2 aebrary, Inc.40uhttp://site.ebrary.com/lib/rucke/Doc?id=10218270zAn electronic book accessible through the World Wide Web; click to view